| 000 | 00697nam a22001935i 4500 | ||
|---|---|---|---|
| 001 | 160134 | ||
| 003 | ES-MaACL | ||
| 005 | 20251216183557.0 | ||
| 008 | 940202s1880 sp |||| | spa d | ||
| 040 |
_aCAM _bspa |
||
| 100 |
_aMorales y Alonso, Juan Pedro, _d1840-1904 _9223283 |
||
| 245 | 1 | 0 |
_aLibro isagogico ó sea de prolegómenos de la Ciencia Canónica e historia externa de la misma ... / _cescrita por ... Juan Pedro Morales y Alonso. |
| 260 |
_aGranada : _bJosé Lopez Guevara, _c1880. |
||
| 300 |
_a420 p. ; _c22 cm. |
||
| 650 | 7 |
_aDerecho canónico _2embne _911655 |
|
| 752 |
_aEspaña - _dGranada |
||
| 852 |
_aES-MaACL _jC-3331 _z-- Enc. hol. |
||
| 999 |
_c160134 _d160134 |
||